书目信息 |
| 题名: |
极乐日语会话
|
|
| 作者: | 郭晓青 编著 | |
| 分册: | ||
| 出版信息: | 上海 华东理工大学出版社 2007.07 |
|
| 页数: | 218页 | |
| 开本: | 21cm | |
| 丛书名: | ||
| 单 册: | ||
| 中图分类: | H369.9 | |
| 科图分类: | ||
| 主题词: | 日语--ri yu--口语 | |
| 电子资源: | ||
| ISBN: | 978-7-5628-2047-5 | |
| 000 | 00953nam0 2200265 450 | |
| 001 | 012008374942 | |
| 005 | 20080901092053.03 | |
| 010 | @a978-7-5628-2047-5@dCNY18.00 (含光盘) | |
| 010 | @a978-7-88864-068-9@b光盘 | |
| 016 | @aCN-R32-07-0018-0@b光盘 | |
| 100 | @a20080901d2007 em y0chiy0120 ea | |
| 101 | 0 | @achi@ajpn |
| 102 | @aCN@b310000 | |
| 105 | @aa z 000yy | |
| 106 | @ar | |
| 200 | 1 | @a极乐日语会话@Aji yue ri yu hui hua@e日语会话秘密特训法@f郭晓青编著@Fguo xiao qing bian zhu |
| 210 | @a上海@c华东理工大学出版社@d2007.07 | |
| 215 | @a218页@c图@d21cm@e光盘1片 | |
| 330 | @a本书收集了在日本旅游、生活时使用频率最高、实用性最强的日常会话。其中最大的特色是,所有句子都是超短的,短到让您觉得不可思议。 | |
| 517 | 1 | @a日语会话秘密特训法@Ari yu hui hua mi mi te xun fa |
| 606 | 0 | @a日语@Ari yu@x口语 |
| 690 | @aH369.9@v4 | |
| 701 | 0 | @a郭晓青@Aguo xiao qing@4编著 |
| 801 | 0 | @aCN@bQSSK@c20080901 |
| 905 | @b733043-45@dH369.9@eG855@f3 | |
| 极乐日语会话:日语会话秘密特训法/郭晓青编著.-上海:华东理工大学出版社,2007.07 |
| 218页:图;21cm+光盘1片 |
| ISBN 978-7-5628-2047-5:CNY18.00 (含光盘) |
| 本书收集了在日本旅游、生活时使用频率最高、实用性最强的日常会话。其中最大的特色是,所有句子都是超短的,短到让您觉得不可思议。 |
| ● |
| 相关链接 |
|
|
|
正题名:极乐日语会话
索取号:H369.9/G855
 
预约/预借
| 序号 | 登录号 | 条形码 | 馆藏地/架位号 | 状态 | 备注 |
| 1 | 733043 | 207330431 | 语言库209/209语言库 133排2列1层/ [索取号:H369.9/G855] | 在馆 | |
| 2 | 733044 | 207330440 | 语言库209/209语言库 133排2列1层/ [索取号:H369.9/G855] | 在馆 | |
| 3 | 733045 | 207330459 | 语言库209/209语言库 133排2列1层/ [索取号:H369.9/G855] | 在馆 |